groupes et chanteurs Français "compliqué" - Statistiques

Statistiques générales
  • Ce quiz a été pris 6 fois
  • Le résultat moyen est 3 sur 16
Statistiques - réponses
Par images Réponse % Correct
L affaire Louis Trio
67%
Niagara
67%
Enzo Enzo
50%
Jil Caplan
33%
Kent
33%
Les Avions
17%
Atlantique
0%
Bill Baxter
0%
Caroline Grimm
0%
Dolly
0%
Erik Karol
0%
Karim kacel
0%
Luciole
0%
Nina Morato
0%
Peter Kitsch
0%
Sara Mandiano
0%
Aucun quiz correspondant
Distribution des résultats
% des personnes avec chaque résultat
Percentile par nombre de réponses
Votre historique - résultats
Vous n’avez pas pris ce quiz